000 00851nam a2200289 i 4500
001 000040705
003 DO-SdBNP
005 20240809112606.0
007 ta
008 100512s1972 sp 000 0 spa d
040 _aDO-SdBNP
_bspa
_cBNPHU
_erda
041 _hspa
082 4 _bD545
_222
100 _986250
245 1 0 _aDiccionario pintores españoles contemporáneos :
_bdesde 1881, nacimiento de Picasso /
_cbajo la dirección de J.I. de Blas
264 _aMadrid :
_bEstiarte, Ediciones,
_c1972
300 _a245 páginas ;
_c24 cm.
336 _2rdacontent
_atexto
_btxt
337 _2rdamedia
_asin mediación
_bn
338 _2rdacarrier
_avolumen
_bnc
590 _aInventariado, 2024/DG
650 _y 2012
_982105
650 _v
_986251
650 _986239
910 _aDG. Validado, Control de calidad/MAA
942 _2ddc
_cLBS1
999 _c57398
_d57398